| 000 | 00438 a2200157 4500 | ||
|---|---|---|---|
| 020 | _a9780471317784 | ||
| 082 | _a621.395 | ||
| 090 |
_c7202 _d7202 |
||
| 100 | _aGregorian, Roubik | ||
| 245 |
_a Introduction to CMOS OP-AMPs and comparators _cRoubik Gregorian |
||
| 260 |
_aCanada _bJohn Wiley _c1999 |
||
| 300 | _a360 p. | ||
| 650 | _aComparator circuits--Design and construction | ||
| 700 | _aRoubik Gregorian | ||
| 942 |
_cBK _k621.395 GRE |
||
| 999 |
_c11005 _d11005 |
||